Normal view
MARC view
Entry Personal Name
001 - CONTROL NUMBER
- control field: 80044
003 - CONTROL NUMBER IDENTIFIER
- control field: dpl
005 - DATE AND TIME OF LATEST TRANSACTION
- control field: 20250401144227.0
008 - FIXED-LENGTH DATA ELEMENTS
- fixed length control field: 250401|| aca||aabn | a|a d
040 ## - CATALOGING SOURCE
- Original cataloging agency: dpl
- Transcribing agency: dpl
100 ## - HEADING--PERSONAL NAME
- Personal name: Maity.Barnali
670 ## - SOURCE DATA FOUND
- Source citation: Work cat.: (dpl)210599: Maity.Barnali, Human Rights And Social Inclusion :Contemporary Issues And Concerns/, 2024
